The deadweight loss from a tax system (Registro nro. 25680)

Detalles MARC
000 -LEADER
fixed length control field 00323 a2200109 4500
001 - CONTROL NUMBER
control field ART_11626
005 - DATE AND TIME OF LATEST TRANSACTION
control field 20260410161858.0
008 - FIXED-LENGTH DATA ELEMENTS--GENERAL INFORMATION
fixed length control field 260409a
100 1# - MAIN ENTRY--PERSONAL NAME
Personal name Kay, J.A.
245 10 - TITLE STATEMENT
Title The deadweight loss from a tax system
773 0# - HOST ITEM ENTRY
Title Journal of public economics
Related parts - Vol. 13, Nº 1 (feb. 1980)
Record control number REV11485

No hay ítems disponibles.